| 000 | 00523nam a2200181Ia 4500 | ||
|---|---|---|---|
| 999 |
_c10261 _d10261 |
||
| 003 | OSt | ||
| 005 | 20191230151356.0 | ||
| 008 | 190216s9999||||xx |||||||||||||| ||und|| | ||
| 040 | _coclc | ||
| 082 |
_a330.03 _bROY/D |
||
| 100 |
_aRoy, P N _9557 |
||
| 245 | 0 |
_aA Dictionary Of Economics / _c P N Roy |
|
| 250 | _a1st ed. | ||
| 260 |
_bCentral Educational Enterprises, _c1992. _aCulcutta: |
||
| 300 | _a136p | ||
| 650 |
_aEconomics _xDictionaries |
||
| 942 |
_cREF _2ddc _h330.03 _iROY/D _k330.03 _mROY/D |
||